| 000 | 00540nam a22001817a 4500 | ||
|---|---|---|---|
| 005 | 20240124113952.0 | ||
| 010 | _aENG-138001 | ||
| 020 | _c1495.00 | ||
| 035 | _aEN-121533 | ||
| 037 | _bDBAD/PUB | ||
| 082 | _a628.5 | ||
| 100 |
_aDeka, Heman _961233 |
||
| 245 |
_aBioremediation : _bResearch and Applications _cHemen Deka and Rashmi Rekha Saikia |
||
| 260 |
_aAssam _bEBH Publishers _c2021 |
||
| 270 |
_a136, M.L. Nehru Road, Panbazar _bGuwahati _e781001 |
||
| 300 |
_a312P _c25 cm(pbk) |
||
| 942 |
_2ddc _cEN _h628.5 _mBIO |
||
| 999 |
_c198218 _d198218 |
||